| 000 | 00647nam a2200217Ia 4500 | ||
|---|---|---|---|
| 003 | OSt | ||
| 005 | 20250915162940.0 | ||
| 008 | 210719s1979 xx 000 0 und d | ||
| 040 | _cAL | ||
| 041 | _aTulu | ||
| 082 | _aT894.2 TAIK | ||
| 100 |
_aK. N. Tailor _dಕೆ.ಎನ್. ಟೇಲರ್ _9238696 |
||
| 245 |
_aKasdaye kandani _b ಕಾಸ್ ದಾಯೆ ಕಂಡನಿ |
||
| 260 |
_aMangaluru _c1979 |
||
| 300 |
_a53 _bPB |
||
| 365 |
_b3 _cRs |
||
| 650 |
_aTulu Drama _9238697 |
||
| 650 |
_aTulu Drama _9238697 |
||
| 906 | _adevar ; Kallda ; kandani ; Kasdaye ; Kranthikari ; Krantikari ; nataka ; Samajika ; tulu | ||
| 942 |
_2ddc _cBK |
||
| 999 |
_c214700 _d214700 |
||